| 000 | 01432cam a22003974a 4500 | ||
|---|---|---|---|
| 001 | 59908 | ||
| 005 | 20230410142342.0 | ||
| 008 | 061018s2006 sp b 000 0 spa | ||
| 010 | _a 2007489385 | ||
| 035 | _a(OCoLC)ocn186356730 | ||
| 040 |
_aDLC _cDLC |
||
| 020 | _a8479148322 | ||
| 020 | _a9788479148324 | ||
| 035 | _a(OCoLC)186356730 | ||
| 043 | _ae-sp--- | ||
| 050 | 1 | 4 |
_aBX 1583 _bA189 2006 |
| 049 | _aGRAL | ||
| 245 | 0 | 0 |
_aAcuerdos entre la Santa Sede y los Estados : _bversión española de los textos / _cedición preparada por José Luis Santos Diez y Carlos Corral Salvador. |
| 260 |
_aMadrid : _bBiblioteca de Autores Cristianos, _cc2006. |
||
| 300 |
_axvi, 751 p. ; _c20 cm. |
||
| 490 | 0 |
_aBiblioteca de autores cristianos ; _v660 |
|
| 504 | _aIncludes bibliographical references. | ||
| 650 | 0 |
_aChurch and state _zSpain _xHistory. |
|
| 610 | 2 | 0 |
_aCatholic Church _zSpain _xHistory. |
| 650 | 0 |
_aReligion and politics _zSpain _xHistory. |
|
| 651 | 0 |
_aSpain _xChurch history. |
|
| 650 | 4 |
_aIglesia y estado _zEspaña _xHistoria _ySegunda república, 1931- |
|
| 650 | 4 |
_aIglesia Católica _xHistoria _zEspaña |
|
| 650 | 4 |
_aReligión y política _zEspaña |
|
| 700 | 1 | _aSantos, Jose Luis. | |
| 700 | 1 |
_aCorral Salvador, Carlos Manuel, _d1929- |
|
| 856 | 4 | 2 |
_3Mas?... busque en WorldCat (solo desde FUNGLODE) _uwww.firstsearch.oclc.org/fsip |
| 942 |
_2lcc _cbk |
||
| 946 | _amfcruz | ||
| 994 |
_aC0 _bDRFGD |
||
| 999 |
_c94115 _d94115 |
||